Acumulación y centralización del capital en la industria argentina (Registro nro. 6707)
[ vista simple ]
| 000 -LEADER | |
|---|---|
| fixed length control field | 01081 a2200253 4500 |
| 001 - CONTROL NUMBER | |
| control field | 59501 |
| 005 - DATE AND TIME OF LATEST TRANSACTION | |
| control field | 20260407155849.0 |
| 008 - FIXED-LENGTH DATA ELEMENTS--GENERAL INFORMATION | |
| fixed length control field | 260407a1973 arg spa d |
| 003 - CONTROL NUMBER IDENTIFIER | |
| control field | AR-UNSa-BCEJYS |
| 040 ## - CATALOGING SOURCE | |
| Original cataloging agency | AR-UNSa-BCEJYS |
| Language of cataloging | spa |
| Transcribing agency | AR-UNSa-BCEJYS |
| 080 ## - UNIVERSAL DECIMAL CLASSIFICATION NUMBER | |
| Universal Decimal Classification number | 330.342.14 |
| Common auxiliary subdivision | Economía capitalista |
| 041 ## - LANGUAGE CODE | |
| Language code of text/sound track or separate title | spa |
| 100 1# - MAIN ENTRY--PERSONAL NAME | |
| Personal name | Cimillo, Elsa |
| 245 10 - TITLE STATEMENT | |
| Title | Acumulación y centralización del capital en la industria argentina |
| 264 #1 - PRODUCTION, PUBLICATION, DISTRIBUTION, MANUFACTURE, AND COPYRIGHT NOTICE | |
| Place of production, publication, distribution, manufacture | Buenos Aires : |
| Name of producer, publisher, distributor, manufacturer | Tiempo Contemporáneo |
| Date of production, publication, distribution, manufacture, or copyright notice | 1973 |
| 300 ## - PHYSICAL DESCRIPTION | |
| Extent | 191 p. |
| Dimensions | 20 cm. |
| 505 ## - FORMATTED CONTENTS NOTE | |
| Formatted contents note | 1. El marco general - 2. Desarrollismo y radicación de capital extranjero - 3. Generación de la plusvalía - 4. Distribución de la plusvalía - 5. Acumulación de plusvalía y centralización del capital - 6. Efectos sobre la clase obrera - 7. Transferencia de plusvalía al exterior - 8. Dependencia y limitaciones a la acumulación interna - |
| 590 ## - LOCAL NOTE (RLIN) | |
| Local note | niveau_biblio:m niveau_hierar:0 |
| 700 1# - ADDED ENTRY--PERSONAL NAME | |
| Personal name | Lifschitz, Edgardo |
| 700 1# - ADDED ENTRY--PERSONAL NAME | |
| Personal name | Gastiazoro, Eugenio |
| 700 1# - ADDED ENTRY--PERSONAL NAME | |
| Personal name | Ciafardini, Horacio |
| 700 1# - ADDED ENTRY--PERSONAL NAME | |
| Personal name | Turkieh, Mauricio |
| 942 ## - ADDED ENTRY ELEMENTS (KOHA) | |
| Koha item type | |
| Withdrawn status | Lost status | Damaged status | Not for loan | Home library | Current library | Shelving location | Date acquired | Total checkouts | Full call number | Barcode | Date last seen | Price effective from | Koha item type |
|---|---|---|---|---|---|---|---|---|---|---|---|---|---|
| Biblioteca Prof. Eusebio Cleto del Rey | Biblioteca Prof. Eusebio Cleto del Rey | 07/04/2026 | 330.342.14 C573 | L26310 | 07/04/2026 | 07/04/2026 | Libro | ||||||
| Biblioteca Prof. Eusebio Cleto del Rey | Biblioteca Prof. Eusebio Cleto del Rey | 07/04/2026 | 330.342.14 C573 | L26311 | 07/04/2026 | 07/04/2026 | Libro | ||||||
| Biblioteca Prof. Eusebio Cleto del Rey | Biblioteca Prof. Eusebio Cleto del Rey | 07/04/2026 | 330.342.14 C573 | L26312 | 07/04/2026 | 07/04/2026 | Libro |